[Event "ROM-ch U10"]
[Site "Calimanesti Caciulata"]
[Date "2019.04.17"]
[Round "4"]
[White "Codrescu, Stefan Andrei"]
[Black "Podea, Andrei"]
[Result "1/2-1/2"]
[WhiteElo "1114"]
[BlackElo "1011"]
[PlyCount "46"]
[EventDate "2019.04.15"]
[EventType "swiss"]
[EventRounds "9"]
[EventCountry "ROU"]
[SourceTitle "CBM 190 Extra"]
[Source "ChessBase"]
[SourceDate "2019.07.15"]
[SourceVersion "1"]
[SourceVersionDate "2019.07.15"]
[SourceQuality "1"]

1. d4 d5 2. Nf3 Nf6 3. e3 Nc6 4. Be2 e6 5. Nbd2 Bd6 6. c3 0-0 7. 0-0 e5 8. h3 e4 9. Nh2 Bf5 10. b3 Ne7 11. Bb2 c6 12. c4 dxc4 13. Nxc4 Bc7 14. Re1 b5 15. Nd2 Qd7 16. Bg4 Qd6 17. g3 g6 18. Bxf5 Nxf5 19. a3 Nxg3 20. Qc2 Nh1 21. Nhf1 Qe6 22. Kxh1 Qxh3+ 23. Kg1 Qg4+ 1/2-1/2